000 00485nam a2200181Ia 4500
005 20250326141652.0
008 250326s9999 xx 000 0 und d
037 _aTextbook
040 _aFMSL
_beng
_cFMSL
041 _aeng
_2eng
084 _qFMSL
100 _aDolley A R
_9744870
245 0 _aWage administration and worker productivity
_cDolley A R
260 _aNew Delhi
_bNew Delhi, Wiley Eastern
_c1964
300 _a235p
942 _cTB
999 _c1291410
_d1291410